Modelirovanije sistem
Guardado en:
| Autor principal: | |
|---|---|
| Otros Autores: | |
| Formato: | Libro |
| Lenguaje: | ruso |
| Publicado: |
Moskva
Vysšaja škola
1985
|
| Edición: | 1. izd. |
| Etiquetas: |
Sin Etiquetas, Sea el primero en etiquetar este registro!
|
MARC
| LEADER | 00000nam a2200000 4500 | ||
|---|---|---|---|
| 001 | c105751 | ||
| 005 | 20221220082014.3 | ||
| 041 | 0 | |a rus | |
| 044 | |a RU | ||
| 245 | 1 | 0 | |a Modelirovanije sistem |c Boris Jakovlevič Sovetov, Sergej Aleksejevič Jakovlev |
| 250 | |a 1. izd. | ||
| 264 | 1 | |a Moskva |b Vysšaja škola |c 1985 | |
| 300 | |a 270 s. | ||
| 100 | 1 | |a Sovetov, Boris Jakovlevič | |
| 700 | 1 | |a Jakovlev, Sergej Aleksejevič | |